Significant Regions of American Diaspora - Statistics

General Stats
  • This quiz has been taken 58 times
  • The average score is 23 of 29
Answer Stats
Overseas Americans Country % Correct
400,000 Germany
100%
899,311 Mexico
100%
158,000 United Kingdom
100%
738,203 Canada
98%
260,000 Brazil
96%
71,493 China
96%
100,619 France
96%
88,000 Japan
96%
109,450 Australia
94%
54,000 Italy
94%
48,225 Spain
94%
31,779 New Zealand
89%
700,000 India
87%
140,222 South Korea
85%
21,000 Colombia
83%
47,408 Netherlands
83%
36,000 Belgium
81%
60,000 Poland
77%
185,000 Israel
74%
32,000 Switzerland
74%
600,000 Philippines
72%
40,000 United Arab Emirates
72%
52,486 Pakistan
68%
38,000 Taiwan
66%
25,000 Panama
62%
36,000 Saudi Arabia
62%
170,000 Costa Rica
60%
20,000 Kuwait
38%
25,000 Lebanon
36%
No matching quizzes found
Score Distribution
Percent of People with Each Score
Percentile by Number Answered
Your Score History
You have not taken this quiz